ბათუმის შოთა რუსთაველის სახელმწიფო უნივერსიტეტის ბიბლიოთეკა

სიცოცხლე ბეწვზე ჰკიდია : (ბიბ.ჩანაწერი № 40166)

000 -ლიდერი
ფიქსირებული სიგრძის საკონტროლო ველი 01217nam a2200229Ia 4500
001 - საკონტროლო ნომერი
საკონტროლო ველი 6772
003 - საკონტროლო ნომრის იდენტიფიკატორი
საკონტროლო ველი GE_BSU
005 - ბოლო ოპერაციის თარიღი და დრო
საკონტროლო ველი 20191227154629.0
008 - ფიქსირებული სიგრძის მონაცემთა ელემენტები - ზოგადი ინფორმაცია
ფიქსირებული სიგრძის საკონტროლო ველი 181216s1969||||ge |||||||||||||| ||geo||
040 ## - კატალოგიზაციის წყარო
Transcribing agency GE_BSU
041 ## - ენის კოდი
Language code of text/sound track or separate title geo
080 ## - უნივერსალური ათობითი კლასიფიკაციის ინდექსი
Universal Decimal Classification number 821.353.1-32 + 355.168(479.22)"1941-1945 გ-51
100 ## - მთავარი ჩანაწერი - პიროვნების სახელი
Personal name გიორხელიძე, შ. ; ნემიროვა, მ.
9 (RLIN) 5988
245 ## - ცნობა სათაურის შესახებ
Title სიცოცხლე ბეწვზე ჰკიდია :
Remainder of title მოთხრობა დიდი სამამულო ომის მონაწილე ქართველ მზვერავებზე /
Statement of responsibility, etc შ. გიორხელიძე, მ. ნემიროვა ; რედ. შ. სალარიძე.
264 ## - წარმოების, გამოცემის, დისტრიბუციის და სხვა ცნობები
გამოცემის, წარმოების, დისტრიბუციის... ადგილი თბილისი :
გამოცემის, წარმოების, დისტრიბუციის... სახელწოდება მერანი,
გამოცემის, წარმოების, დისტრიბუციის... თარიღი 1969.
300 ## - ფიზიკური აღწერა
Extent 284 გვ. ;
Dimensions 20 სმ.
653 ## - INDEX TERM--UNCONTROLLED
Uncontrolled term სიცოცხლე ბეწვზე ჰკიდია.
653 ## - INDEX TERM--UNCONTROLLED
Uncontrolled term ქართველი მზვერავები დიდ სამამულო ომში.
700 ## - ADDED ENTRY--PERSONAL NAME
Personal name ნემიროვა, მ.
Relator term ავტორი
9 (RLIN) 5989
700 ## - ADDED ENTRY--PERSONAL NAME
Personal name სალარიძე, შ.
Relator term რედაქტორი
9 (RLIN) 5990
942 ## - ADDED ENTRY ELEMENTS (KOHA)
Koha item type წიგნი
Source of classification or shelving scheme
ეგზემპლარები
ჩამოწერის სტატუსი დაკარგული ეგზემპლარის სტატუსი კლასიფიკაციის წყარო ან თაროზე გაწყობის სქემა დაზიანების სტატუსი არ გაიცემა მუდმივი მდებარეობა (დაცვის ადგილი) ამჟამინდელი ადგილსამყოფელი თაროზე განთავსების ადგილი შეძენის თარიღი ღირებულება, შესყიდვის ნორმალური ფასი სრული შენახვის შიფრი შტრიხკოდი ბოლო ოპერაციის თარიღი ეგზემპლარის მიმდევრობითი ნომერი (კეტერი?) ფასის ძალაში შესვლის თარიღი ეგზემპლარის სახეობა საჯარო შენიშვნა
          ბათუმის შოთა რუსთაველის სახელმწიფო უნივერსიტეტის მთავარი ბიბლიოთეკა ბათუმის შოთა რუსთაველის სახელმწიფო უნივერსიტეტის მთავარი ბიბლიოთეკა წიგნსაცავი 2018-12-17 0.78 821.353.1-32 + 355.168(479.22) 14601 2018-12-17 14601 2018-12-17 წიგნი 0.78 ლ.
          ბათუმის შოთა რუსთაველის სახელმწიფო უნივერსიტეტის მთავარი ბიბლიოთეკა ბათუმის შოთა რუსთაველის სახელმწიფო უნივერსიტეტის მთავარი ბიბლიოთეკა წიგნსაცავი 2018-12-17 0.78 821.353.1-32 + 355.168(479.22) 14602 2018-12-17 14602 2018-12-17 წიგნი 0.78 ლ.